| 000 | 00438nam a2200157Ia 4500 | ||
|---|---|---|---|
| 003 | GCL | ||
| 008 | 140319s9999 xx 000 0 eng d | ||
| 040 |
_aGCL / _cGCL |
||
| 082 | 0 | 4 |
_a724 _bJ W |
| 100 | 1 | _aJARDEN, R. FURNEAUX | |
| 245 | 1 | 0 |
_aWESTERN ARCHITECTURE: A CONCISE HISTORY / _cJARDEN, R. FURNEAUX |
| 260 |
_a[S.N] : _bTHAMES AND HUDSON ، _c1993 |
||
| 300 | _a359 P | ||
| 650 | 0 | 4 | _aWESTERN ARCHITECTURE HISTORY |
| 942 |
_2ddc _cBK |
||
| 999 |
_c11073 _d11073 |
||